000 00429nam a22001217a 4500
082 _a220 PRO
100 _aMUHAMMAD SULEMAN SIKANDAR AZIZ USAMA MAOOD
_971522
245 _aPR-SOF-1798-DESIGN AND FABRICATION OF ELECTRIC HANDBIKE FOR MANUAL WHEELCHAIR
260 _aISLAMABAD
_bNUST COLLEGE OF EME
_c2019
650 _aDE-MECH-37 DECLASS
_971523
700 _a PROJECT SUPERVISOR ASST. PROF. DR RAJA AMER AZIM
_971524
942 _cCR
999 _c577992
_d577992